Detalles MARC
| 000 -LEADER |
| fixed length control field |
02870nam a2200385 i 4500 |
| 003 - CONTROL NUMBER IDENTIFIER |
| control field |
DO-SdBPM |
| 005 - DATE AND TIME OF LATEST TRANSACTION |
| control field |
20241101104657.0 |
| 007 - PHYSICAL DESCRIPTION FIXED FIELD--GENERAL INFORMATION |
| fixed length control field |
ta |
| 008 - FIXED-LENGTH DATA ELEMENTS--GENERAL INFORMATION |
| fixed length control field |
220512e2021 dr ||||gr|||| 001 edspa d |
| 020 ## - INTERNATIONAL STANDARD BOOK NUMBER |
| International Standard Book Number |
9789945613940 |
| 040 ## - CATALOGING SOURCE |
| Original cataloging agency |
DO-SdBPM |
| Language of cataloging |
spa |
| Transcribing agency |
BPMSU |
| Description conventions |
rda |
| 041 ## - LANGUAGE CODE |
| Language code of text/sound track or separate title |
spa |
| 082 #4 - DEWEY DECIMAL CLASSIFICATION NUMBER |
| Classification number |
972.9305 |
| Item number |
L296e 2021 |
| Edition number |
22 |
| 100 1# - MAIN ENTRY--PERSONAL NAME |
| Personal name |
Lantigua, José Rafael, |
| Dates associated with a name |
1949- |
| Relator term |
autor |
| Relator code |
|
| 245 10 - TITLE STATEMENT |
| Title |
Enseres y tramoyas : |
| Remainder of title |
crónica con historia / |
| Statement of responsibility, etc. |
José Rafael Lantigua ; editor, Isael Pérez. |
| 250 ## - EDITION STATEMENT |
| Edition statement |
|
| 264 #4 - PRODUCTION, PUBLICATION, DISTRIBUTION, MANUFACTURE, AND COPYRIGHT NOTICE |
| Place of production, publication, distribution, manufacture |
Santo Domingo, R. D. : |
| Name of producer, publisher, distributor, manufacturer |
Archivo General de la Nación, |
| Date of production, publication, distribution, manufacture, or copyright notice |
2021. |
| 300 ## - PHYSICAL DESCRIPTION |
| Extent |
512 páginas ; |
| Dimensions |
23 cm. |
| 336 ## - CONTENT TYPE |
| Content type term |
texto |
| Content type code |
txt |
| Source |
rdacontent |
| 337 ## - MEDIA TYPE |
| Media type term |
sin mediación |
| Media type code |
n |
| Source |
rdamedia |
| 338 ## - CARRIER TYPE |
| Carrier type term |
rdacarrier |
| Carrier type code |
volumen |
| Source |
nc |
| 490 0# - SERIES STATEMENT |
| Series statement |
Archivo General de la Nación, |
| Volume/sequential designation |
418 |
| 500 ## - GENERAL NOTE |
| General note |
Incluye datos biográficos del autor en la solapa de la cubierta. |
| 500 ## - GENERAL NOTE |
| General note |
Incluye guía de lectura. |
| 504 ## - BIBLIOGRAPHY, ETC. NOTE |
| Bibliography, etc |
Bibliografía : p. 479- 507. |
| 505 0# - FORMATTED CONTENTS NOTE |
| Formatted contents note |
Enseres domésticos.-- |
| Title |
Crónicas en pequeño.-- |
| -- |
Tramoyas tramadas.-- |
| -- |
Guía de lectura. |
| 520 ## - SUMMARY, ETC. |
| Summary, etc. |
Una recopilación de artículos sobre diversos temas como historia dominicana, literatura, política, cultura, Haití, Cuba, entre otros. José́ Rafael Lantigua (1949) fue Ministro de Cultura de la República Dominicana y Comisionado de la Feria Internacional del Libro de Santo Domingo de 2004 a 2012.LantiguaHa sido galardonado con numerosos premios literarios y culturales, entre ellos Premio Nacional de Periodismo, categoría Patrimonio Cultural (Club de Prensa Extranjera, 1989), Premio Nacional de Ensayo, Centenario de Duarte (1977), Caonabo de Oro (Asociación Dominicana de Periodistas y Escritores, 2000). ), Premio Pro-Cultura (Ateneo Amantes de la Luz, Santiago de los Caballeros, 2003), Premio Narciso González al Intelectual del Año (Taller literario Virgilio Díaz Grullón y Casa de Arte, Santiago de los Caballeros, 2003), Premio de la Academia (Academia Dominicana de la Lengua, 2003), entre otros. Ha publicado numerosos libros y artículos entre los que destacan: Domingo Moreno Jimenes, biografía de un poeta (1976), La conjura del tiempo, memorias del hombre dominicano (1994), La conducta literaria: el discurso fundacional (2008), Crónica de arte o el arte de la inducción cultural (2009), Venir con cuentos: muestrario del cuento dominicano (2012), y La palabra para ser dicha (2012), Espacios y resonancias (2016), Un encuentro con el comandante (2016), Iniciación de la tarde (2021) entre muchos otros. |
| 590 ## - LOCAL NOTE (RLIN) |
| Local note |
Inventariado 2022 / MF |
| 651 #4 - SUBJECT ADDED ENTRY--GEOGRAPHIC NAME |
| Geographic name |
República Dominicana |
| General subdivision |
Civilización |
| Chronological subdivision |
Siglo XXI |
| 651 #4 - SUBJECT ADDED ENTRY--GEOGRAPHIC NAME |
| Geographic name |
República Dominicana |
| General subdivision |
Política y gobierno |
| Chronological subdivision |
1961- |
| 700 1# - ADDED ENTRY--PERSONAL NAME |
| Personal name |
Pérez, Isael, |
| Dates associated with a name |
1961- |
| Relator term |
|
| 710 2# - ADDED ENTRY--CORPORATE NAME |
| Corporate name or jurisdiction name as entry element |
Archivo General de la Nación (República Dominicana) |
| 910 ## - USER-OPTION DATA (OCLC) |
| User-option data |
VMateo V. Control de calidad BPMSU |
| 942 ## - ADDED ENTRY ELEMENTS (KOHA) |
| Source of classification or shelving scheme |
Dewey Decimal Classification |
| Koha item type |
Libros |